| 000 | 00515nam a22001697a 4500 | ||
|---|---|---|---|
| 005 | 20251108171216.0 | ||
| 008 | 250721s9999 xx 000 0 ara d | ||
| 082 | 1 | 4 | _a320.956/عرف |
| 100 | 1 | _aنظام الدين، عرفات | |
| 245 | 1 | 0 | _aحوارات علي مستوي القمة / |
| 264 |
_bالمؤسسة العربية الاوروبية، _c[19-]. |
||
| 300 | _a598ص | ||
| 650 | 1 | 7 | _aالبلاد العربية |
| 650 | 1 | 7 | _aالاحوال السياسية |
| 942 |
_2ddc _cBK |
||
| 999 |
_c59391 _d59391 |
||